000 00309nam a22001337a 4500
008 180918b xxu||||| |||| 00| 0 eng d
020 _a9780838512258
041 _aeng
080 _a616
100 _a3
101 _aSHM
245 _aA Concise History of Respiratory Diseases
_cFarzan, S
942 _2udc
_cBK
999 _c47948
_d47948